000
00208 a2200085 4500
020
_a
9789358707908
100
_a
Malhotra, O. P.
_9
1531408
245
_a
Revised new mathematics today 2
260
_b
S Chand
_c
2025
999
_c
1651069
_d
1651038